000 00715nam a22001575i 4500
001 173025
003 ES-MaACL
005 20230906215117.0
008 091007s1834 sp |||| | spa d
080 _a821.134.2-2"18"
100 1 _aAlvaro, Francisco de.
_9141453
245 1 0 _aJuana de Nàpoles
_b: drama en cinco actos y en prosa /
_cescrito sobre la novela francesa del mismo nombre por Francisco de Alvaro.
260 _aMadrid :
_b[s.n.],
_c1834 (
_fImp. de José Rodríguez)
300 _a55 p. ;
_c18 cm.
852 _aES-MaACL
_jF-8603(7)
_q.- Falto de la cub. original
_z.- Enc. en un vol. facticio formando parte de la col. facticia "Teatro español moderno", vol. 56
_z.- Dedicatoria autógrafa del autor
999 _c173025
_d173025